Ricostruisci la Carriera del Calciatore - Cafu - Statistics

Statistiche generali
  • Questo quiz è stato fatto 26 volte
  • Il punteggio medio è 3 su 6
Statistiche sulle risposte
Hint Risposta % Corretto
2003-2008 Milan
86%
1997-2003 Roma
71%
1995 Juventude
52%
1995-1997 Palmeiras
52%
1994-1995 Real Saragozza
43%
1989-1994 San Paolo
43%
Nessun quiz corrispondente trovato
Distribuzione punteggi
Percentuale di utenti per punteggio
Percentile per numero di risposta
I tuoi punteggi nel tempo
Non hai fatto questo quiz